Zero-Day Attack Detection using Security Information & Event Management (SIEM) / (Record no. 541085)

000 -LEADER
fixed length control field 00470nam a22001337a 4500
082 ## - DEWEY DECIMAL CLASSIFICATION NUMBER
Classification number 004
100 ## - MAIN ENTRY--PERSONAL NAME
Personal name Mirza, Natasha Arjumand Shoaib
245 ## - TITLE STATEMENT
Title Zero-Day Attack Detection using Security Information & Event Management (SIEM) /
Statement of responsibility, etc. Natasha Arjumand Shoaib Mirza
260 ## - PUBLICATION, DISTRIBUTION, ETC.
Place of publication, distribution, etc. Islamabad :
Name of publisher, distributor, etc. MCS - NUST,
Date of publication, distribution, etc. 2013.
300 ## - PHYSICAL DESCRIPTION
Extent 81 p. ;
Dimensions 30cm.
650 ## - SUBJECT ADDED ENTRY--TOPICAL TERM
Topical term or geographic name entry element Information Security-MS-Thesis
942 ## - ADDED ENTRY ELEMENTS (KOHA)
Source of classification or shelving scheme
Koha item type Thesis
650 ## - SUBJECT ADDED ENTRY--TOPICAL TERM
-- 16348
Holdings
Withdrawn status Lost status Source of classification or shelving scheme Damaged status Not for loan Permanent Location Current Location Shelving location Date acquired Total Checkouts Full call number Barcode Date last seen Price effective from Koha item type
          Central Library (CL) Central Library (CL) Thesis 11/19/2020   004 CL-T-1405 11/19/2020 11/19/2020 Thesis
          Central Library (CL) Central Library (CL) Thesis 11/19/2020   004 CL-T-1469 11/19/2020 11/19/2020 Thesis
© 2023 Central Library, National University of Sciences and Technology. All Rights Reserved.